LEADER 01255nam 2200433 450 001 9910794870903321 005 20230807202919.0 010 $a1-78084-424-7 010 $a1-78084-423-9 035 $a(CKB)4330000000072269 035 $a(MiAaPQ)EBC4876777 035 $a(Au-PeEL)EBL4876777 035 $a(CaPaEBR)ebr11437559 035 $a(OCoLC)953863434 035 $a(EXLCZ)994330000000072269 100 $a20171005h20152015 uy 0 101 0 $aeng 135 $aurcnu|||||||| 181 $2rdacontent 182 $2rdamedia 183 $2rdacarrier 200 00$aAdvances in bladder cancer management /$feditors, Shahrokh F. Shariat, Evanguelos Xylinas 210 1$aLondon, [England] :$cFuture Medicine,$d2015. 210 4$dİ2015 215 $a1 online resource (223 pages) 311 $a1-78084-425-5 320 $aIncludes bibliographical references. 606 $aBladder$xCancer$vPopular works 615 0$aBladder$xCancer 676 $a616.99462 702 $aShariat$b Shahrokh F. 702 $aXylinas$b Evanguelos 801 0$bMiAaPQ 801 1$bMiAaPQ 801 2$bMiAaPQ 906 $aBOOK 912 $a9910794870903321 996 $aAdvances in bladder cancer management$93672882 997 $aUNINA LEADER 03738nam 2200745 a 450 001 9910779870103321 005 20230803021112.0 010 $a1-61451-277-9 024 7 $a10.1515/9781614512776 035 $a(CKB)2550000001097177 035 $a(EBL)1037940 035 $a(OCoLC)851970507 035 $a(SSID)ssj0000916661 035 $a(PQKBManifestationID)11526351 035 $a(PQKBTitleCode)TC0000916661 035 $a(PQKBWorkID)10876853 035 $a(PQKB)10061539 035 $a(MiAaPQ)EBC1037940 035 $a(DE-B1597)207086 035 $a(OCoLC)852655780 035 $a(OCoLC)881294191 035 $a(DE-B1597)9781614512776 035 $a(Au-PeEL)EBL1037940 035 $a(CaPaEBR)ebr10729001 035 $a(CaONFJC)MIL503711 035 $a(EXLCZ)992550000001097177 100 $a20130111d2013 uy 0 101 0 $aeng 135 $aur|n|---||||| 181 $ctxt 182 $cc 183 $acr 200 00$aBeyond words$b[electronic resource] $econtent, context, and inference /$fedited by Frank Liedtke and Cornelia Schulze 210 $aBerlin ;$aBoston $cDe Gruyter Mouton, Walter De Gruyter GmbH$d2013 215 $a1 online resource (346 p.) 225 0 $aMouton Series in Pragmatics [MSP] ;$v15 225 0$aMouton series in pragmatics,$x1864-6409 ;$v15 300 $aDescription based upon print version of record. 311 $a1-61451-386-4 311 $a1-299-72460-4 320 $aIncludes bibliographical references and index. 327 $asection I. General concepts -- section II. Acquiring inferential abilities -- section III. Grammar, meaning, and enrichment -- section IV. Constraints, memes, and constructions. 330 $aIn pragmatics, it is widely accepted that the overall meaning of an utterance performed as part of a verbal interchange is basically underdetermined by the meaning of the sentence uttered. What counts as having been said for most contemporary authors goes far beyond sentence meaning. Rather, it has to be considered as a complex utterance level combining semantic knowledge and context-driven, pragmatic information as an integrated whole. The focus of the present book lies on central questions about the nature, the function and the acquisition of pragmatic inferencing strategies. The question of the relation between the explicit and the implicit side of verbal communication and its mutual delimitation is addressed. What is the character of pragmatic inferences, wherever they may be situated in a descriptive model? Are they nonce inferences arising anew in each act of communication, or do we have to conceive of them as based on regularities and conventions? What is an adequate model of the acquisition of the skills which are relevant for mastering the inferential processes leading to an adequate interpretation of utterances? And what is the relation between a theory of pragmatic enrichment and optimality theory with an OT pragmatics as a possible result? 410 0$aMouton Series in Pragmatics [MSP] 606 $aPragmatics 606 $aInference 606 $aSemantics 606 $aGrammar, Comparative and general$xConnectives 606 $aLanguage and languages$xPhilosophy 615 0$aPragmatics. 615 0$aInference. 615 0$aSemantics. 615 0$aGrammar, Comparative and general$xConnectives. 615 0$aLanguage and languages$xPhilosophy. 676 $a401/.45 686 $aER 940$2rvk 701 $aLiedtke$b Frank$01523579 701 $aSchulze$b Cornelia$01523580 801 0$bMiAaPQ 801 1$bMiAaPQ 801 2$bMiAaPQ 906 $aBOOK 912 $a9910779870103321 996 $aBeyond words$93763846 997 $aUNINA LEADER 05674oam 22011894 450 001 9910220536403321 005 20250426110039.0 010 $a9786613871664 010 $a9781462392070 010 $a1462392075 010 $a9781452766188 010 $a1452766185 010 $a9781283559218 010 $a1283559218 010 $a9781451990256 010 $a1451990251 035 $a(CKB)3360000000444946 035 $a(EBL)1586849 035 $a(SSID)ssj0001324748 035 $a(PQKBManifestationID)11861578 035 $a(PQKBTitleCode)TC0001324748 035 $a(PQKBWorkID)11529216 035 $a(PQKB)10036943 035 $a(MiAaPQ)EBC1586849 035 $a(Au-PeEL)EBL1586849 035 $a(CaONFJC)MIL387166 035 $a(OCoLC)867926874 035 $a(IMF)WPIEE2010092 035 $a(IMF)WPIEA2010092 035 $aWPIEA2010092 035 $a(EXLCZ)993360000000444946 100 $a20020129d2010 uf 0 101 0 $aeng 135 $aur|n|---||||| 181 $ctxt 182 $cc 183 $acr 200 10$aBeyond the Crisis : $eRevisiting Emerging Europe?s Growth Model /$fRuben Atoyan 205 $aFirst edition. 210 1$aWashington, D.C. :$cInternational Monetary Fund,$d2010. 215 $a1 online resource (48 p.) 225 1 $aIMF Working Papers 300 $aDescription based upon print version of record. 311 08$a9781451982565 311 08$a1451982569 320 $aIncludes bibliographical references. 327 $aCover Page; Title Page; Copyright Page; Contents; I. Introduction; II. Stylized Facts of Different Growth Models in Central and Eastern Europe; A. Clusters of External Vulnerability; 1. External Vulnerability Clusters; B. Stylized Facts; 2. Economic Growth Record; 3. Transition Indicators and Institutional Quality; 4. Capital Flows, Credit, and Domestic Demand; 5. External Sector Indicators; 6. Policy Indicators; III. Joint Determination of Economic Growth and External Vulnerability; A. Growth-Vulnerability Nexus; 7. Growth-Vulnerability Track Record 327 $aB. Potential Factors Determining the Growth ModelC. Econometric Methodology; D. Estimation Results; 1. Estimation Results for the Multinomial Logit Model; 2. Relative Risk Ratios from the Estimated Model; IV. Beyond the Crisis: Two Case Studies; 3. Slovakia and Croatia: Pre-Crisis Characteristics; 8. Slovakia: Predicted Probability of Growth-Vulnerability Clusters; 9. Croatia: Predicted Probability of Growth-Vulnerability Clusters; V. Policy Implications; Appendix I. Multivariate Hierarchical Cluster Analysis; References; Footnotes 330 3 $aFocusing on the nexus between economic growth and buildup of external vulnerabilities, this paper provides a systematic account of different growth strategies followed in Central and Eastern Europe in 2000-08 and then uses this growth diagnostics to derive implications for the post-crisis recovery. The main findings point to three policy lessons for improving growth sustainability. First, greater reliance on tradable sectors should be the cornerstone of the future growth model. Second, enhancing domestic sources of bank credit funding would contribute to mitigation of external vulnerabilities and make domestic financial system more resilient to global financial shocks. Third, prudential and macroeconomic policies will have to be more proactive in managing capital inflows, including funneling these inflows into investment in the export-oriented industries. 410 0$aIMF Working Papers; Working Paper ;$vNo. 2010/092 606 $aFinancial crises 606 $aEconomic development 606 $aAggregate Factor Income Distribution$2imf 606 $aBalance of payments$2imf 606 $aCapital inflows$2imf 606 $aCapital movements$2imf 606 $aCredit$2imf 606 $aCurrent Account Adjustment$2imf 606 $aCurrent account deficits$2imf 606 $aDebts, External$2imf 606 $aExports and Imports$2imf 606 $aExternal debt$2imf 606 $aIncome$2imf 606 $aInternational economics$2imf 606 $aInternational Investment$2imf 606 $aInternational Lending and Debt Problems$2imf 606 $aLong-term Capital Movements$2imf 606 $aMacroeconomics$2imf 606 $aMonetary economics$2imf 606 $aMonetary Policy, Central Banking, and the Supply of Money and Credit: General$2imf 606 $aMoney and Monetary Policy$2imf 606 $aShort-term Capital Movements$2imf 607 $aSlovak Republic$2imf 615 0$aFinancial crises. 615 0$aEconomic development. 615 7$aAggregate Factor Income Distribution 615 7$aBalance of payments 615 7$aCapital inflows 615 7$aCapital movements 615 7$aCredit 615 7$aCurrent Account Adjustment 615 7$aCurrent account deficits 615 7$aDebts, External 615 7$aExports and Imports 615 7$aExternal debt 615 7$aIncome 615 7$aInternational economics 615 7$aInternational Investment 615 7$aInternational Lending and Debt Problems 615 7$aLong-term Capital Movements 615 7$aMacroeconomics 615 7$aMonetary economics 615 7$aMonetary Policy, Central Banking, and the Supply of Money and Credit: General 615 7$aMoney and Monetary Policy 615 7$aShort-term Capital Movements 676 $a338.542 700 $aAtoyan$b Ruben$0855108 801 0$bDcWaIMF 906 $aBOOK 912 $a9910220536403321 996 $aBeyond the Crisis$92189856 997 $aUNINA